000 00363nam a2200157Ia 4500
999 _c2764
_d2764
003 OSt
005 20191003113322.0
008 190902s9999||||xx |||||||||||||| ||und||
020 _a978-0133057157
040 _cMAJU
100 _aRajeev Batra
245 0 _aAdvertising Management
260 _aIndia
_bThe McGraw-Hill
_c751
300 _a2002
942 _cBK
_2ddc